[Event "TUR-chT 2nd League"]
[Site "Denizli"]
[Date "2023.07.13"]
[Round "7.84"]
[White "Aydin, Kaan Ayhan"]
[Black "Isik, Recep"]
[Result "0-1"]
[WhiteElo "1873"]
[BlackElo "1810"]
[PlyCount "90"]
[EventDate "2023.07.09"]
[EventType "team-swiss"]
[EventRounds "9"]
[EventCountry "TUR"]
[SourceTitle "CBM 215 Extra"]
[Source "ChessBase"]
[SourceDate "2023.09.30"]
[SourceVersion "1"]
[SourceVersionDate "2023.09.30"]
[SourceQuality "1"]
[WhiteTeam "Karaman Masterler"]
[BlackTeam "Nida"]
[WhiteTeamCountry "TUR"]
[BlackTeamCountry "TUR"]

1. e4 c5 2. Nf3 e6 3. d4 cxd4 4. Nxd4 Nf6 5. Nc3 Nc6 6. a3 Be7 7. Be3 0-0 8. f4 d5 9. e5 Nd7 10. Qh5 Nxd4 11. Bxd4 Bc5 12. 0-0-0 a6 13. Bxc5 Nxc5 14. f5 g6 15. Qh6 gxf5 16. g4 fxg4 17. b4 Nd7 18. Bd3 f5 19. Qxe6+ Kh8 20. Qxd5 Qc7 21. e6 Qxc3 22. exd7 Qxa3+ 23. Kd2 Qxb4+ 24. c3 Qf4+ 25. Kc2 Qa4+ 26. Kb2 Qxd7 27. Qc5 Qg7 28. Rhe1 b6 29. Qa3 Ra7 30. Re2 b5 31. Kb1 Rc7 32. Rde1 Rxc3 33. Qb4 Rxd3 34. Re8 Rd8 35. R8e7 Qd4 36. Qxd4+ Rxd4 37. Ra7 Rd7 38. Ra8 Kg7 39. Kb2 Bb7 40. Ra7 f4 41. Rg1 h5 42. h3 g3 43. h4 Re8 44. Rc1 g2 45. Ka3 f3 0-1

[Event "TUR-chT 2nd League"]
[Site "Konya"]
[Date "2019.07.25"]
[Round "5.5"]
[White "Kartalkanat, Ali Can"]
[Black "Isik, Recep"]
[Result "0-1"]
[WhiteElo "1728"]
[BlackElo "1893"]
[PlyCount "71"]
[EventDate "2019.07.22"]
[EventType "team-swiss"]
[EventRounds "9"]
[EventCountry "TUR"]
[SourceTitle "CBM 191 Extra"]
[Source "ChessBase"]
[SourceDate "2019.09.30"]
[SourceVersion "1"]
[SourceVersionDate "2019.09.30"]
[SourceQuality "1"]
[WhiteTeam "Istanbul Sisli"]
[BlackTeam "Bursa Nida"]
[WhiteTeamCountry "TUR"]
[BlackTeamCountry "TUR"]

1. d4 d5 2. Bf4 Nf6 3. e3 Bf5 4. c4 e6 5. Nc3 c6 6. Qb3 Qc8 7. Nf3 Be7 8. Nh4 Be4 9. Nxe4 dxe4 10. Bxb8 Rxb8 11. g3 Qc7 12. a3 Ng4 13. Be2 h5 14. Ng2 Qa5+ 15. Qc3 Qf5 16. Bxg4 hxg4 17. Nf4 g5 18. Ne2 Qf3 19. Kd2 c5 20. Raf1 b5 21. cxb5 Rxb5 22. b4 0-0 23. dxc5 Rd8+ 24. Nd4 e5 25. a4 Rbb8 26. b5 exd4 27. exd4 Rxd4+ 28. Qxd4 Rd8 29. Qxd8+ Bxd8 30. Kc2 Qd3+ 31. Kb2 Bf6+ 32. Kc1 Qc3+ 33. Kd1 Qb3+ 34. Kd2 Qb2+ 35. Ke3 Qd4+ 36. Ke2 0-1

[Event "TUR-chT2"]
[Site "Konya"]
[Date "2018.07.11"]
[Round "3.6"]
[White "Bulut, Muhammed Emin"]
[Black "Isik, Recep"]
[Result "0-1"]
[WhiteElo "1736"]
[BlackElo "1829"]
[PlyCount "146"]
[EventDate "2018.07.10"]
[EventType "team-swiss"]
[EventRounds "9"]
[EventCountry "TUR"]
[SourceTitle "EXT 2019"]
[Source "ChessBase"]
[SourceDate "2018.10.10"]
[SourceVersion "1"]
[SourceVersionDate "2018.10.10"]
[SourceQuality "1"]
[WhiteTeam "Bitlis Dernegi"]
[BlackTeam "Beyazkale Dernegi"]
[WhiteTeamCountry "TUR"]
[BlackTeamCountry "TUR"]

1. e4 c5 2. b3 Nc6 3. Bb2 Nf6 4. e5 Nd5 5. c4 Nf4 6. g3 Ng6 7. f4 d6 8. Bg2 dxe5 9. Bxc6+ bxc6 10. fxe5 h5 11. Qf3 Qc7 12. Ne2 Bg4 13. Qe4 Bxe2 14. Qxe2 e6 15. Na3 Ne7 16. Qe4 Rd8 17. 0-0-0 Nf5 18. Nc2 g6 19. d4 cxd4 20. Nxd4 Nxd4 21. Rxd4 Bh6+ 22. Kc2 Rxd4 23. Qxd4 0-0 24. Ba3 Rd8 25. Bd6 Qa5 26. a4 c5 27. Qf2 Qb4 28. Rf1 Rd7 29. Rd1 Rb7 30. Qf3 Rb6 31. Bc7 Qa3 32. Bxb6 Qa2+ 33. Kc3 axb6 34. Rd8+ Bf8 35. Rd2 Qa1+ 36. Kd3 Qxe5 37. Qe4 Qa1 38. Ke2 Bg7 39. Qa8+ Kh7 40. Qb8 Bc3 41. Rc2 Qe1+ 42. Kf3 Qd1+ 43. Re2 Qxb3 44. Kg2 Qxc4 45. Rf2 Qd5+ 46. Kh3 Kg7 47. Qc7 Bf6 48. Qxb6 g5 49. g4 Qd3+ 50. Kg2 Qe4+ 51. Kf1 Qc4+ 52. Re2 Qxa4 53. Qxc5 Qxg4 54. Qg1 Qf3+ 55. Qf2 Qh1+ 56. Qg1 Qxg1+ 57. Kxg1 Bd4+ 58. Kg2 e5 59. Rc2 Kg6 60. Kf3 Kf5 61. h3 e4+ 62. Ke2 g4 63. hxg4+ hxg4 64. Rc1 g3 65. Kf1 Kf4 66. Kg2 f5 67. Rf1+ Bf2 68. Rb1 Be3 69. Rf1+ Kg4 70. Re1 f4 71. Kh1 Kh3 72. Re2 Kg4 73. Rg2 Bf2 0-1

[Event "TUR-chT2"]
[Site "Konya"]
[Date "2018.07.11"]
[Round "2.6"]
[White "Isik, Recep"]
[Black "Demir, Ugur"]
[Result "0-1"]
[WhiteElo "1829"]
[BlackElo "1793"]
[PlyCount "112"]
[EventDate "2018.07.10"]
[EventType "team-swiss"]
[EventRounds "9"]
[EventCountry "TUR"]
[SourceTitle "EXT 2019"]
[Source "ChessBase"]
[SourceDate "2018.10.10"]
[SourceVersion "1"]
[SourceVersionDate "2018.10.10"]
[SourceQuality "1"]
[WhiteTeam "Beyazkale Dernegi"]
[BlackTeam "Artvin Il Ozel"]
[WhiteTeamCountry "TUR"]
[BlackTeamCountry "TUR"]

1. e4 b6 2. d4 Bb7 3. Bd3 Nf6 4. Qe2 e6 5. Nf3 d5 6. e5 Nfd7 7. 0-0 c5 8. c4 cxd4 9. Bg5 Be7 10. Bxe7 Qxe7 11. cxd5 Bxd5 12. Nxd4 Nc6 13. Nxc6 Bxc6 14. Nd2 0-0 15. Rac1 Nc5 16. Bb1 Rad8 17. f4 Qd7 18. Rf2 Bb5 19. Nc4 Qd4 20. Qc2 g6 21. Nd6 Rxd6 22. exd6 Nd3 23. Rd1 Qxf2+ 24. Qxf2 Nxf2 25. Kxf2 f5 26. Bc2 Rd8 27. Bb3 Kf7 28. Ke3 Kf6 29. h3 Bc6 30. g4 h6 31. Kf2 b5 32. Kg3 e5 33. fxe5+ Kxe5 34. Re1+ Be4 35. Rc1 Rxd6 36. Rc5+ Kd4 37. Rxb5 Ke3 38. gxf5 gxf5 39. Re5 f4+ 40. Kg4 Rd2 41. h4 f3 42. Bc4 Rg2+ 43. Kh3 Kd4 44. Rxe4+ Kxe4 45. b4 Ke3 46. a4 Rb2 47. b5 Rc2 48. Bd5 f2 49. Bg2 Ra2 50. Kg4 Rxa4+ 51. Kh5 Rf4 52. Bf1 Kd2 53. Kxh6 Rxh4+ 54. Kg5 Rh1 55. Bc4 f1Q 56. Bxf1 Rxf1 0-1

[Event "TUR-chT 2nd League"]
[Site "Konya"]
[Date "2017.07.23"]
[Round "9.9"]
[White "Ozkurt, Kutay"]
[Black "Isik, Recep"]
[Result "0-1"]
[WhiteElo "1712"]
[BlackElo "1895"]
[PlyCount "112"]
[EventDate "2017.07.17"]
[EventType "team-swiss"]
[EventRounds "9"]
[EventCountry "TUR"]
[SourceTitle "EXT 2018"]
[Source "ChessBase"]
[SourceDate "2017.10.13"]
[SourceVersion "1"]
[SourceVersionDate "2017.10.13"]
[SourceQuality "1"]
[WhiteTeam "Bursa Nida"]
[BlackTeam "Gaziantep Sader"]
[WhiteTeamCountry "TUR"]
[BlackTeamCountry "TUR"]

1. e4 c5 2. Nf3 Nc6 3. c3 Nf6 4. e5 Nd5 5. d4 cxd4 6. cxd4 d6 7. Bc4 e6 8. 0-0 Nb6 9. Bb3 dxe5 10. dxe5 Qxd1 11. Rxd1 Na5 12. Bc2 Bd7 13. Bd2 Nac4 14. Bc3 Rc8 15. Nbd2 Nxb2 16. Bxb2 Rxc2 17. Bd4 Nc8 18. Nb3 Ba3 19. Be3 b6 20. h4 Ne7 21. Nbd4 Rc8 22. Bg5 Nd5 23. Ne2 h6 24. Bc1 Bxc1 25. Raxc1 Ke7 26. Nfd4 g6 27. Ng3 Nc3 28. Rd2 Ba4 29. Rd3 Rhd8 30. Rcxc3 Rxc3 31. Rxc3 Rxd4 32. Rc7+ Rd7 33. Rc8 h5 34. Ne4 Rd1+ 35. Kh2 Rd4 36. f3 a5 37. Rb8 Bc6 38. Nf6 Rxh4+ 39. Kg3 Rb4 40. Rc8 h4+ 41. Kh2 Ba4 42. Rc7+ Kf8 43. Rc8+ Kg7 44. g4 Kh6 45. Kh3 Kg5 46. Rf8 Kf4 47. Rxf7 Kxe5 48. Kxh4 Bc6 49. Ng8 Rf4 50. Rg7 Bxf3 51. Rxg6 Bd5 52. Kg5 Bxa2 53. Kh6 Bb1 54. Rg7 a4 55. Ne7 a3 56. Nc6+ Kd6 0-1

[Event "TUR-chT 2nd League"]
[Site "Konya"]
[Date "2017.07.21"]
[Round "7.4"]
[White "Koc, Serkan"]
[Black "Isik, Recep"]
[Result "1-0"]
[WhiteElo "1719"]
[BlackElo "1895"]
[PlyCount "91"]
[EventDate "2017.07.17"]
[EventType "team-swiss"]
[EventRounds "9"]
[EventCountry "TUR"]
[SourceTitle "CBM 179 Extra"]
[Source "ChessBase"]
[SourceDate "2017.08.23"]
[SourceVersion "1"]
[SourceVersionDate "2017.08.23"]
[SourceQuality "1"]
[WhiteTeam "Samsun Gercek"]
[BlackTeam "Gaziantep Sader"]
[WhiteTeamCountry "TUR"]
[BlackTeamCountry "TUR"]

1. e4 e5 2. Nf3 Nc6 3. Bc4 Nf6 4. Ng5 d5 5. exd5 Na5 6. Bb5+ c6 7. dxc6 bxc6 8. Be2 Bd6 9. Nc3 0-0 10. d3 Nd5 11. d4 h6 12. Nge4 Nxc3 13. bxc3 Bc7 14. 0-0 exd4 15. cxd4 Bxh2+ 16. Kxh2 Qh4+ 17. Kg1 Qxe4 18. Bf3 Qg6 19. Qd2 Nc4 20. Qc3 Nd6 21. Bxc6 Rb8 22. Bf4 Bf5 23. Qc5 Rbd8 24. c3 Bd3 25. Rfe1 Ne4 26. Bxe4 Bxe4 27. Bg3 Rd5 28. Qe7 f5 29. Re3 Re8 30. Qc7 Rf8 31. f3 Bc2 32. Rae1 f4 33. Bxf4 Rdf5 34. Bd6 R5f7 35. Re8 Rxc7 36. Rxf8+ Kh7 37. Bxc7 Qc6 38. Ba5 Bg6 39. Bb4 h5 40. Re5 Qa4 41. Rf4 Kh6 42. d5 a5 43. Bd6 Qxf4 44. Rxh5+ Bxh5 45. Bxf4+ Kg6 46. g4 1-0

[Event "Ankara Baskent Univ op 2nd"]
[Site "Ankara"]
[Date "2017.07.01"]
[Round "2"]
[White "Topak, Engin"]
[Black "Isik, Recep"]
[Result "1-0"]
[WhiteElo "2192"]
[BlackElo "1895"]
[PlyCount "93"]
[EventDate "2017.06.30"]
[EventType "swiss"]
[EventRounds "9"]
[EventCountry "TUR"]
[SourceTitle "CBM 179 Extra"]
[Source "ChessBase"]
[SourceDate "2017.08.23"]
[SourceVersion "1"]
[SourceVersionDate "2017.08.23"]
[SourceQuality "1"]

1. Nf3 Nf6 2. g3 d5 3. Bg2 c6 4. d3 Bg4 5. 0-0 Nbd7 6. Nbd2 g6 7. h3 Bxf3 8. Bxf3 Bg7 9. e4 0-0 10. Re1 Ne5 11. Bg2 Nh5 12. d4 Nc4 13. Nxc4 dxc4 14. e5 f5 15. exf6 Bxf6 16. c3 e5 17. dxe5 Qxd1 18. Rxd1 Bxe5 19. Bh6 Rf7 20. Rd2 Bc7 21. Re1 Bb6 22. Bf1 Nf6 23. Bxc4 Nd5 24. Bxd5 cxd5 25. Re5 Rd7 26. Rexd5 Re7 27. Rd7 Rae8 28. Rxe7 Rxe7 29. Kf1 Kf7 30. Rd3 Ke6 31. Be3 Bc7 32. Bxa7 b6 33. Re3+ Kd7 34. Rxe7+ Kxe7 35. Ke2 Kd6 36. a4 Kc6 37. a5 bxa5 38. b3 Kb5 39. Kd3 h5 40. Be3 Bd8 41. Ke4 a4 42. bxa4+ Kxa4 43. Kd5 g5 44. c4 g4 45. hxg4 hxg4 46. c5 Kb5 47. Ke4 1-0

[Event "TUR Cup"]
[Site "Antalya"]
[Date "2017.02.02"]
[Round "9"]
[White "Isik, Recep"]
[Black "Hatipoglu, Metin"]
[Result "0-1"]
[WhiteElo "1869"]
[BlackElo "1739"]
[PlyCount "64"]
[EventDate "2017.01.28"]
[EventType "swiss"]
[EventRounds "11"]
[EventCountry "TUR"]
[SourceTitle "CBM 176 Extra"]
[Source "ChessBase"]
[SourceDate "2017.03.02"]
[SourceVersion "1"]
[SourceVersionDate "2017.03.02"]
[SourceQuality "1"]

1. e4 c5 2. Nf3 e6 3. c3 d5 4. exd5 exd5 5. d4 Nf6 6. Bg5 Qb6 7. Qc2 Be7 8. dxc5 Bxc5 9. Bd3 h6 10. Bxf6 Qxf6 11. 0-0 0-0 12. Nbd2 Nc6 13. Rfe1 Bg4 14. Qb3 Rfd8 15. Re2 Bd6 16. h3 Bxf3 17. Nxf3 b6 18. Rae1 Ne7 19. Kf1 Rac8 20. Qa4 Rc7 21. Nd4 Qf4 22. g3 Qf6 23. Nb5 Rcd7 24. Nxa7 Bxg3 25. Nc6 Qf3 26. Nxe7+ Rxe7 27. Kg1 Rxe2 28. Rxe2 Qxd3 29. Re8+ Rxe8 30. Qxe8+ Kh7 31. fxg3 Qxg3+ 32. Kf1 Qxh3+ 0-1

[Event "TUR Cup"]
[Site "Antalya"]
[Date "2017.02.02"]
[Round "8"]
[White "Mangal, Ali"]
[Black "Isik, Recep"]
[Result "0-1"]
[WhiteElo "1731"]
[BlackElo "1869"]
[PlyCount "96"]
[EventDate "2017.01.28"]
[EventType "swiss"]
[EventRounds "11"]
[EventCountry "TUR"]
[SourceTitle "CBM 176 Extra"]
[Source "ChessBase"]
[SourceDate "2017.03.02"]
[SourceVersion "1"]
[SourceVersionDate "2017.03.02"]
[SourceQuality "1"]

1. d4 f5 2. c4 e6 3. Nc3 Bb4 4. Nf3 Nf6 5. Bd2 0-0 6. e3 b6 7. Be2 Bb7 8. 0-0 d6 9. Rc1 Nbd7 10. a3 Bxc3 11. Bxc3 Qe8 12. b4 Ne4 13. Bb2 a5 14. c5 Ndf6 15. cxd6 cxd6 16. Rc7 Qb8 17. Rc1 axb4 18. axb4 Bd5 19. Bc4 b5 20. Bxd5 Nxd5 21. Qb3 Ra4 22. Qd3 Qb7 23. Ne1 Nxb4 24. Qe2 Ra2 25. f3 Nf6 26. Qd2 Nc6 27. Qc3 Na5 28. Qb4 Nd5 29. Qxd6 Rxb2 30. Nd3 Rd2 31. Qxe6+ Qf7 32. Qxf7+ Kxf7 33. Ne5+ Ke6 34. Rfe1 Rb2 35. Rc5 Nc4 36. Nc6 Ra8 37. e4 fxe4 38. fxe4 Nde3 39. Rg5 Raa2 40. Rxg7 Rxg2+ 41. Rxg2 Rxg2+ 42. Kh1 Rg4 43. Rb1 Nd2 44. Rxb5 Nf3 45. d5+ Kf6 46. e5+ Kg5 47. Rb1 Rg2 48. h4+ Kh5 0-1

[Event "TUR Cup"]
[Site "Antalya"]
[Date "2017.01.31"]
[Round "5"]
[White "Isik, Recep"]
[Black "Usun, Tolga"]
[Result "1/2-1/2"]
[WhiteElo "1869"]
[BlackElo "2059"]
[PlyCount "120"]
[EventDate "2017.01.28"]
[EventType "swiss"]
[EventRounds "11"]
[EventCountry "TUR"]
[SourceTitle "CBM 176 Extra"]
[Source "ChessBase"]
[SourceDate "2017.03.02"]
[SourceVersion "1"]
[SourceVersionDate "2017.03.02"]
[SourceQuality "1"]

1. e4 c5 2. Nf3 Nc6 3. c3 d5 4. exd5 Qxd5 5. d4 e6 6. Na3 Nf6 7. Be3 cxd4 8. Nb5 Qd8 9. Nbxd4 Bd7 10. Bb5 Nxd4 11. Bxd7+ Qxd7 12. Qxd4 Qxd4 13. Bxd4 Be7 14. Rd1 0-0 15. 0-0 Rfd8 16. Rd3 Kf8 17. Rfd1 Ke8 18. Kf1 Rd6 19. Ke2 Rad8 20. a3 a6 21. g3 b5 22. Be5 Rxd3 23. Rxd3 g6 24. Rxd8+ Bxd8 25. h3 h5 26. Kd3 Nd7 27. Bd6 Bb6 28. Ke2 Nf6 29. Ng5 Nd7 30. b4 Nf6 31. f3 Nd5 32. Kd3 f6 33. Ne4 Kd7 34. Bc5 Bc7 35. Bf2 h4 36. Nc5+ Ke7 37. Nxa6 Bxg3 38. Be3 Be5 39. Bd2 Nb6 40. Nc5 Nc4 41. Bc1 Bd6 42. Nb3 Ne5+ 43. Ke2 Nc6 44. Be3 Kd7 45. Nd4 Nxd4+ 46. Bxd4 e5 47. Bf2 g5 48. Kd3 f5 49. Bg1 Kc6 50. c4 e4+ 51. fxe4 bxc4+ 52. Kxc4 g4 53. exf5 gxh3 54. b5+ Kd7 55. Kd3 Ke7 56. a4 Bc7 57. Ke4 Kf6 58. Kf3 Kxf5 59. b6 Bxb6 60. Bxb6 Ke6 1/2-1/2

[Event "TUR Cup"]
[Site "Antalya"]
[Date "2017.01.28"]
[Round "1"]
[White "Toren, Kadir"]
[Black "Isik, Recep"]
[Result "0-1"]
[WhiteElo "1490"]
[BlackElo "1869"]
[PlyCount "60"]
[EventDate "2017.01.28"]
[EventType "swiss"]
[EventRounds "11"]
[EventCountry "TUR"]
[SourceTitle "CBM 176 Extra"]
[Source "ChessBase"]
[SourceDate "2017.03.02"]
[SourceVersion "1"]
[SourceVersionDate "2017.03.02"]
[SourceQuality "1"]

1. e4 c5 2. Nf3 Nc6 3. d4 cxd4 4. Nxd4 e5 5. Nb5 a6 6. N5c3 Nf6 7. Bg5 Be7 8. Bxf6 Bxf6 9. Bc4 0-0 10. Nd2 d6 11. 0-0 Nd4 12. Nb3 Ne6 13. Nd5 Bg5 14. g3 Kh8 15. Bd3 Nc7 16. Nb6 Rb8 17. Nxc8 Rxc8 18. f4 exf4 19. gxf4 Bh6 20. Qg4 Qf6 21. e5 dxe5 22. fxe5 Qxe5 23. Rxf7 Be3+ 24. Kg2 Rxf7 25. Qxc8+ Ne8 26. Rf1 Rxf1 27. Kxf1 Qf4+ 28. Kg2 Qf2+ 29. Kh3 Qf3+ 30. Kh4 g5# 0-1

[Event "Malatya Golden Apricot op 4th"]
[Site "Malatya"]
[Date "2016.08.21"]
[Round "1"]
[White "Isik, Recep"]
[Black "Solodovnichenko, Yuri"]
[Result "0-1"]
[WhiteElo "1820"]
[BlackElo "2587"]
[PlyCount "36"]
[EventDate "2016.08.21"]
[EventType "swiss"]
[EventRounds "9"]
[EventCountry "TUR"]
[SourceTitle "CBM 174 Extra"]
[Source "ChessBase"]
[SourceDate "2016.10.10"]
[SourceVersion "1"]
[SourceVersionDate "2016.10.10"]
[SourceQuality "1"]

1. e4 g6 2. Nf3 Bg7 3. d4 d6 4. Nc3 a6 5. Be3 b5 6. Qd2 Bb7 7. a3 Nd7 8. h3 c5 9. Be2 Ngf6 10. e5 cxd4 11. e6 dxc3 12. exf7+ Kf8 13. Qxc3 Nd5 14. Qd2 Nxe3 15. Qxe3 Qb6 16. Qf4 Bxb2 17. 0-0 Bxf3 18. Qxf3 Rc8 0-1

[Event "Manavgat Turkey Cup"]
[Site "Manavgat"]
[Date "2016.02.05"]
[Round "10"]
[White "Yazar, Hakan"]
[Black "Isik, Recep"]
[Result "0-1"]
[WhiteElo "1698"]
[BlackElo "1782"]
[PlyCount "120"]
[EventDate "2016.01.30"]
[EventType "swiss"]
[EventRounds "11"]
[EventCountry "TUR"]
[SourceTitle "CBM 170 Extra"]
[Source "ChessBase"]
[SourceDate "2016.02.25"]
[SourceVersion "1"]
[SourceVersionDate "2016.02.25"]
[SourceQuality "1"]

1. Nf3 Nf6 2. c4 e6 3. g3 c6 4. Bg2 d5 5. d4 Bd6 6. 0-0 0-0 7. Nbd2 Re8 8. Ne5 Bxe5 9. dxe5 Ng4 10. Nf3 dxc4 11. Qc2 Qc7 12. Qe4 f5 13. exf6 Nxf6 14. Qxc4 Nbd7 15. Bf4 Qb6 16. a4 Nd5 17. Bc1 Qb4 18. Qc2 Qc5 19. Qd2 e5 20. e4 Nb4 21. b3 a5 22. Ba3 Qb6 23. Rab1 Nc5 24. Qe3 Nd7 25. Qg5 h6 26. Qg6 Re7 27. Rbd1 Nf8 28. Qh5 Qc7 29. Nh4 Be6 30. Qf3 Rd8 31. Qc3 Rxd1 32. Rxd1 c5 33. Bb2 Nc6 34. Qxc5 Bxb3 35. Rc1 Kh7 36. Nf5 Re8 37. Nd6 Re6 38. Nb5 Qd8 39. Bh3 Rf6 40. f4 Bxa4 41. Bxe5 Nxe5 42. Qxe5 Bxb5 43. Qxb5 Qd4+ 44. Kh1 Qxe4+ 45. Bg2 Qe3 46. Rb1 b6 47. Qc4 h5 48. Be4+ Kh6 49. Qd5 Ne6 50. Bf3 Qc5 51. Qd3 Nd4 52. Bd1 Re6 53. Bxh5 Qxh5 54. Qxd4 Qf3+ 55. Kg1 b5 56. f5 Qxf5 57. Qh4+ Kg6 58. Rf1 Qc5+ 59. Kg2 Re2+ 60. Kh3 Qc8+ 0-1

[Event "Manavgat Turkey Cup"]
[Site "Manavgat"]
[Date "2016.02.02"]
[Round "6"]
[White "Tepe, Efe Can"]
[Black "Isik, Recep"]
[Result "1-0"]
[WhiteElo "1887"]
[BlackElo "1782"]
[PlyCount "87"]
[EventDate "2016.01.30"]
[EventType "swiss"]
[EventRounds "11"]
[EventCountry "TUR"]
[SourceTitle "CBM 170 Extra"]
[Source "ChessBase"]
[SourceDate "2016.02.25"]
[SourceVersion "1"]
[SourceVersionDate "2016.02.25"]
[SourceQuality "1"]

1. e4 c5 2. Nf3 Nc6 3. Bb5 Nd4 4. Nxd4 cxd4 5. 0-0 a6 6. Ba4 b5 7. Bb3 Bb7 8. d3 e6 9. f4 Nf6 10. f5 Bd6 11. Bg5 Qc7 12. h3 Bxe4 13. dxe4 Nxe4 14. Bh4 Bh2+ 15. Kh1 Bg3 16. Nd2 Nf2+ 17. Rxf2 Bxh4 18. Rf1 0-0 19. Qg4 Qg3 20. Qxd4 Bf6 21. Qf2 Qxf2 22. Rxf2 Bxb2 23. Rd1 d5 24. fxe6 fxe6 25. Re2 Kf7 26. Nf3 Bf6 27. Rde1 Rfe8 28. Ne5+ Ke7 29. Nd3 Kd6 30. Nf4 e5 31. Nxd5 a5 32. Rd1 Kc5 33. Re3 e4 34. Nc7 Bd4 35. Rg3 a4 36. Nxa8 axb3 37. axb3 Be5 38. Rg5 h6 39. Nc7 hxg5 40. Nxe8 e3 41. Kg1 Kb4 42. Kf1 Kc3 43. Ke2 Kxc2 44. Rd5 1-0

[Event "Manavgat Turkey Cup"]
[Site "Manavgat"]
[Date "2016.01.31"]
[Round "2"]
[White "Kiremitciyan, Ari"]
[Black "Isik, Recep"]
[Result "1-0"]
[WhiteElo "1998"]
[BlackElo "1782"]
[PlyCount "45"]
[EventDate "2016.01.30"]
[EventType "swiss"]
[EventRounds "11"]
[EventCountry "TUR"]
[SourceTitle "CBM 170 Extra"]
[Source "ChessBase"]
[SourceDate "2016.02.25"]
[SourceVersion "1"]
[SourceVersionDate "2016.02.25"]
[SourceQuality "1"]

1. Nf3 Nf6 2. c4 e6 3. g3 d5 4. d4 c6 5. Bg2 Be7 6. 0-0 Ne4 7. Ne5 f6 8. Nd3 dxc4 9. Bxe4 Qxd4 10. Nc3 cxd3 11. Bxd3 e5 12. Qc2 Qg4 13. f4 Qh5 14. fxe5 fxe5 15. Nd5 Bd6 16. Rf6 Be7 17. Rg6 Rg8 18. Nxe7 Kxe7 19. Qc5+ Kf7 20. Rg5 Qh3 21. Rxe5 Be6 22. Rxe6 Kxe6 23. Qc4+ 1-0

[Event "Manavgat Turkey Cup"]
[Site "Manavgat"]
[Date "2015.02.04"]
[Round "7"]
[White "Barissever, Erdogan"]
[Black "Isik, Recep"]
[Result "1/2-1/2"]
[WhiteElo "1970"]
[BlackElo "1734"]
[PlyCount "92"]
[EventDate "2015.01.31"]
[EventType "swiss"]
[EventRounds "11"]
[EventCountry "TUR"]
[SourceTitle "CBM 164 Extra"]
[Source "ChessBase"]
[SourceDate "2015.03.02"]
[SourceVersion "1"]
[SourceVersionDate "2015.03.02"]
[SourceQuality "1"]

1. e4 c5 2. Nf3 e6 3. d4 cxd4 4. Nxd4 Nc6 5. Be3 Nf6 6. Bd3 d5 7. Nd2 a6 8. 0-0 Be7 9. exd5 Nxd4 10. Bxd4 Qxd5 11. Bc3 Qh5 12. Be2 Qh6 13. Bf3 Bd6 14. g3 0-0 15. Nc4 Bc7 16. Qe2 Nd5 17. Be5 Bxe5 18. Nxe5 b5 19. a4 b4 20. Rfd1 Bb7 21. Nd7 Rfd8 22. Nc5 Bc6 23. Rd4 a5 24. Rad1 Qf6 25. Ne4 Qe5 26. c4 bxc3 27. Nxc3 Qxe2 28. Bxe2 Rdc8 29. Nb5 Rab8 30. R1d2 Kf8 31. Na7 Rc7 32. Nxc6 Rxc6 33. Bf3 Rc1+ 34. Kg2 Nb6 35. b4 Nxa4 36. bxa5 Nc5 37. Rd8+ Rxd8 38. Rxd8+ Ke7 39. Rc8 Kd7 40. Rc6 Rc3 41. Rb6 Ra3 42. Rb5 Nb3 43. Rb7+ Ke8 44. Bc6+ Kf8 45. Rb8+ Ke7 46. Rb7+ Kf8 1/2-1/2

[Event "Manavgat Turkey Cup"]
[Site "Manavgat"]
[Date "2015.02.01"]
[Round "2"]
[White "Isik, Recep"]
[Black "Yaver, Faik Emre"]
[Result "0-1"]
[WhiteElo "1734"]
[BlackElo "1936"]
[PlyCount "150"]
[EventDate "2015.01.31"]
[EventType "swiss"]
[EventRounds "11"]
[EventCountry "TUR"]
[SourceTitle "CBM 164 Extra"]
[Source "ChessBase"]
[SourceDate "2015.03.02"]
[SourceVersion "1"]
[SourceVersionDate "2015.03.02"]
[SourceQuality "1"]

1. d4 d5 2. c4 c6 3. Nf3 Nf6 4. Nc3 e6 5. Bg5 h6 6. Bh4 Be7 7. e3 0-0 8. Qc2 Nbd7 9. cxd5 exd5 10. Bd3 Re8 11. 0-0 Ne4 12. Bxe7 Qxe7 13. Rab1 a5 14. a3 Ng5 15. Nxg5 Qxg5 16. Bf5 Nf8 17. Bxc8 Raxc8 18. b4 Ng6 19. Ne2 axb4 20. axb4 Qg4 21. Ng3 Ne7 22. Qe2 Qxe2 23. Nxe2 b5 24. Ra1 Ra8 25. Ra5 Rxa5 26. bxa5 Nf5 27. Nf4 Nd6 28. Nd3 Kf8 29. Ne5 Rc8 30. a6 Nc4 31. Nd3 Ke7 32. Ra1 Ra8 33. a7 Kd6 34. Kf1 Kc7 35. Ra6 Nb6 36. Ke2 Nc8 37. Ne5 Kb7 38. Ra2 f6 39. Nd7 Rxa7 40. Rxa7+ Kxa7 41. Kd3 Nd6 42. f3 Nc4 43. e4 Kb7 44. Nc5+ Kc8 45. h4 g6 46. g4 Kd8 47. exd5 cxd5 48. Ne6+ Ke7 49. Nf4 Kd6 50. Nxg6 b4 51. f4 Ke6 52. f5+ Kd6 53. Nf4 b3 54. Ng2 Kc6 55. Kc3 b2 56. Kc2 Kd6 57. Kb1 Kc6 58. Kc2 Kb5 59. g5 Kb4 60. Ne1 hxg5 61. hxg5 fxg5 62. f6 Nd6 63. Kxb2 Kc4 64. Kc2 g4 65. Kd2 Kxd4 66. Ng2 Ne4+ 67. Ke2 Nxf6 68. Nh4 Ke4 69. Kf2 Nh5 70. Ng6 g3+ 71. Kf1 Nf4 72. Nh4 d4 73. Ke1 d3 74. Kd2 g2 75. Nxg2 Nxg2 0-1

[Event "TUR-ch"]
[Site "Antalya"]
[Date "2013.02.07"]
[Round "9"]
[White "Isik, Recep"]
[Black "Akin, Onur"]
[Result "1-0"]
[WhiteElo "1695"]
[BlackElo "1848"]
[PlyCount "89"]
[EventDate "2013.02.02"]
[EventType "swiss"]
[EventRounds "11"]
[EventCountry "TUR"]
[SourceTitle "CBM 152 Extra"]
[Source "ChessBase"]
[SourceDate "2013.02.25"]
[SourceVersion "1"]
[SourceVersionDate "2013.02.25"]
[SourceQuality "1"]

1. e4 c6 2. d4 d5 3. Nc3 dxe4 4. Nxe4 Bf5 5. Ng3 Bg6 6. Nf3 Nd7 7. c3 Qc7 8. Bd3 Bxd3 9. Qxd3 Ngf6 10. 0-0 e6 11. Re1 0-0-0 12. b4 Bd6 13. a4 e5 14. b5 Rhe8 15. Bg5 h6 16. Bxf6 gxf6 17. bxc6 Qxc6 18. a5 a6 19. d5 Qc7 20. c4 Nc5 21. Qf5+ Kb8 22. Nd2 e4 23. Rab1 e3 24. fxe3 Bxg3 25. hxg3 Qxg3 26. Qxf6 Rg8 27. Re2 Qg4 28. Kf1 Qh5 29. Nf3 Qh1+ 30. Ng1 Ka8 31. Rb6 Qh5 32. Nf3 Qh1+ 33. Ng1 Qh5 34. Nf3 Qh1+ 35. Ng1 Ka7 36. Qd4 Rc8 37. Reb2 Ka8 38. d6 Rgd8 39. Qd5 Rd7 40. e4 f6 41. Rf2 Qh4 42. Re2 Qf4+ 43. Nf3 Qc1+ 44. Kf2 Qa1 45. Rbb2 1-0